000 01106nam a22003137a 4500
001 7632
003 FISKH
005 20250729085553.0
008 250729b cb ||||| |||| 00| 0 eng d
020 _a9780590484145
040 _aFISKH
_beng
_cFISKH
_dFISKH
050 _aQH541 .R45
082 _a577.16
100 _aCole, Joanna
245 _aThe magic school bus gets eaten :
_bA book about food chains /
_cBy Joanna Cole and Bruce Degen
250 _aFirst Scholastic printing, January 1996
260 _aNew York :
_bScholastic ,
_c1996.
300 _a32 unnumbered pages :
_bcolor illustrations ;
_c21 x 21 cm.
490 _aThe Magic School Bus TV Tie-In
_v2
505 _aN
520 _aWhat could a tunafish sandwich and some smelly green pond scum have in common? Come on an underwater adventure in the magic school bus and find out!
521 8 _a570
_bLexile
521 8 _aN
_bRaz-Plus
650 _aFood chains
_vNon-fiction
650 _aMagic School Bus Bin
_vNon-fiction
700 _aDegen, Bruce
_eIllustrator
942 _2ddc
_cBK
_n0
999 _c7632
_d7632